| 000 | 00791nam a2200241 a 4500 | ||
|---|---|---|---|
| 001 | 000025327 | ||
| 005 | 20200930023718.0 | ||
| 008 | 101216s1978 fr r 000 | spa d | ||
| 020 | _a2855662036 | ||
| 040 |
_aDO-SdBNP _bspa _cBNPHU |
||
| 041 |
_aspa _hfre _2Código de idioma MARC |
||
| 082 |
_axxx _bM636u , 1989 |
||
| 100 | 1 |
_aMikhaël Aïvanhov , Omraam _951872 |
|
| 240 | 0 | _aUne éducation qui commence avant la naissance. | |
| 245 | 1 | 0 |
_aUna educación que comienza antes del nacimiento / _cOmraam Mikhaël Aïvanhov. |
| 250 | _a3a ed. | ||
| 260 |
_aBuenos Aires : _bCalicanto , _c1978. |
||
| 300 |
_a158 p. ; _c18 cm. |
||
| 490 | 1 |
_aIzvor _v203 |
|
| 534 |
_aTítulo original : _tUne éducation qui commence avant la naissance. |
||
| 830 | 0 |
_aIzvor , _v203 _940495 |
|
| 049 | _aBNGR | ||
| 999 |
_c24819 _d24819 |
||